Normal view
MARC view
- عبد العزيز، زينب
Entry Personal Name
001 - CONTROL NUMBER
- control field: 19238
003 - CONTROL NUMBER IDENTIFIER
- control field: JO-AjAnu
005 - DATE AND TIME OF LATEST TRANSACTION
- control field: 20230606073350.0
008 - FIXED-LENGTH DATA ELEMENTS
- fixed length control field: 230606|| aca||aabn | a|a d
040 ## - CATALOGING SOURCE
- Original cataloging agency: JO-AjAnu
- Transcribing agency: JO-AjAnu
100 ## - HEADING--PERSONAL NAME
- Personal name: عبد العزيز، زينب
670 ## - SOURCE DATA FOUND
- Source citation: Work cat.: (JO-AjAnu)9875: عبد العزيز، زينب, author, أوجين ديلاكروا من خلال يومياته